ਪਲੇਗ (Record no. 1227771)

MARC details
000 -LEADER
fixed length control field 00716nam a2200217Ia 4500
005 - DATE AND TIME OF LATEST TRANSACTION
control field 20241129110223.0
008 - FIXED-LENGTH DATA ELEMENTS--GENERAL INFORMATION
fixed length control field 241129s9999||||xx |||||||||||||| ||und||
037 ## - SOURCE OF ACQUISITION
Stock number TB
040 ## - CATALOGING SOURCE
Original cataloging agency ARTS
Language of cataloging pun
Transcribing agency ARTS
041 ## - LANGUAGE CODE
Language code of text/sound track or separate title pun
Source of code fre
084 ## - COLON CLASSIFICATION NUMBER
Classification number O122,3N13,PL 153R2
Assigning agency ARTS
100 ## - MAIN ENTRY--PERSONAL NAME
Personal name ਕਾਮੂ, ਅਲਬੇਅਰ, ਚ।
245 #0 - TITLE STATEMENT
Title ਪਲੇਗ
Statement of responsibility, etc. ਕਾਮੂ, ਅਲਬੇਅਰ, ਚ।
260 ## - PUBLICATION, DISTRIBUTION, ETC.
Place of publication, distribution, etc. ਪਟਿਆਲਾ, ਭਾਰਤ
Name of publisher, distributor, etc. ਪਟਿਆਲਾ ਆੱਟਮ ਆਰਟ
Date of publication, distribution, etc. 2024
300 ## - PHYSICAL DESCRIPTION
Extent 303ਪ੍ਰ0
365 ## - TRADE PRICE
Price type code INR
Price amount 345
546 ## - LANGUAGE NOTE
Language note Translated form French to punjabi.
650 ## - SUBJECT ADDED ENTRY--TOPICAL TERM
Topical term or geographic name entry element French Fiction
9 (RLIN) 155413
942 ## - ADDED ENTRY ELEMENTS (KOHA)
Koha item type Textbook
Classification part O122,3N13,PL 153R2
Holdings
Withdrawn status Lost status Damaged status Not for loan Home library Current library Date acquired Source of acquisition Cost, normal purchase price Inventory number Total Checkouts Full call number Barcode Date last seen Price effective from Koha item type
        Arts Library Arts Library 2024-11-29 H.K. Prakashan 345.00 1632 & 05/02/2024   O122,3N13,PL 153R2 AL1803805 2024-11-29 2024-11-29 Textbook
Copyright @ Delhi University Library System